000 00360nam a2200169Ia 4500
005 20250423095458.0
008 250422s9999 xx 000 0 und d
020 _a9781409513100
050 _aPR 9387 .B76/
100 _aBrook, H.
245 0 _aGangsters,
260 _aEngland
260 _bUsborne
260 _c2007
300 _a157 p
942 _cBK
999 _c30398
_d30398